000 00787cab a2200241 4500
001 WB3115-07
008 090401t1995 xxu||||| |||| 00| 0 eng d
035 _a(Sirsi) u51747
041 _aeng
245 _aACE rewrites Conditions of Engagement
260 _c1995
350 _a0
490 _aNew Civil Engineer
_v6 April 1995, 13
490 _aBuilding
_v260(7887) 7 April 1995, 12(1)
520 _aThe Association of Consulting Engineers has produced new standard contract terms but construction clients are urged to shun them by the British Property Federation.
650 _aACE
650 _aBPF
650 _aCONDITIONS OF CONTRACT
650 _aCONDITIONS OF ENGAGEMENT
690 _aBUILT ENVIRONMENT-BUILDING CONTRACT FORMS
942 _n0
948 _c04/03/1997
999 _c32111
_d32111